| 000 | 00674nam a2200193 i 4500 | ||
|---|---|---|---|
| 001 | 68147 | ||
| 003 | ES-MaACL | ||
| 005 | 20230906170219.0 | ||
| 007 | t| | ||
| 008 | 040610s1976 sp ||||1| spa d | ||
| 020 | _a84-7140-139-8 | ||
| 100 | 1 |
_aGárate Córdoba, José María. _953925 |
|
| 245 | 1 | 0 |
_aTenientes en campaña _b: la improvisación de oficiales en la guerra del 36 / _cJosé María Gárate Córdoba. |
| 260 |
_aMadrid : _bSan Martín, _c[1976] |
||
| 300 |
_a311 p., [7] p. de lám. ; _c21 cm. |
||
| 650 | 4 |
_aEjército- _zEspaña- _y1936-1939. _9163821 |
|
| 651 | 4 |
_aEspaña- _xHistoria- _y1936-1939, Guerra civil. _98292 |
|
| 852 |
_aES-MaACL _jL-10644 _bR.112601 |
||
| 999 |
_c68147 _d68147 |
||